000 00368nam a22001577a 4500
003 SGT
020 _a978-0-328-41559-0
082 _a616.89
_bK17K
100 _aKAUFMAN, DAVID MYLAND
245 _aKAUFMAN'S CLINICAL NEUROLOGY FOR PSYCHIATRISTS
250 _a8TH
260 _aUSA
_bELSEVIER PUB
_c2017
300 _a664
650 _aPSYCHIATRIC
942 _2ddc
_cBK
999 _c19822
_d19822